000 01229nam a2200289 c 4500
999 _c47346
_d47346
003 BLK
005 20220620081911.0
008 180408b bul|||||r ||||||| ||bul||
010 _aKNG00051158000
040 _aBLK
041 _aBUL
_cBUL
080 _aБългарска литература
_b821.163.2
_x-82
_z821.163.2-82
139 _aВъзрожденски страници
245 1 0 _aВъзрожденски страници
_bАнтология : В 2 т.
_cпод ръков. и с предг. на Петър Николов Динеков.
_nТ. 2
_pПоезия, белетристика, сатира и хумор, драма, критика
257 _aBGR
260 _aСофия
_bБълг. писател
_c1969
300 _c21 см
380 _aX
700 1 _aДинеков, Петър Николов
_eпод ръков. и с предг. на
_9363799
760 1 _dСофия, 1969
_h547 с.
_oТ. 2 Поезия, белетристика, сатира и хумор, драма, критика
_tВъзрожденски страници
852 _aЦб 48774
_bЦб
942 _cKNG
_n0
_s1
944 _aCR
_c01.09.2016
_kГрета_Цуфелде
944 _aED
_c2022-06-20
_kСТ
999 _d47346